Normal view
MARC view
Entry Personal Name
001 - CONTROL NUMBER
- control field: 1060271
003 - CONTROL NUMBER IDENTIFIER
- control field: OSt
005 - DATE AND TIME OF LATEST TRANSACTION
- control field: 20260121170134.0
008 - FIXED-LENGTH DATA ELEMENTS
- fixed length control field: 260121|| aca||aabn | a|a d
040 ## - CATALOGING SOURCE
- Original cataloging agency: OSt
- Transcribing agency: OSt
100 ## - HEADING--PERSONAL NAME
- Personal name: Paolo Boccardelli, Maria Carmela Annosi, Federica Brunetta, Mats Magnusson
670 ## - SOURCE DATA FOUND
- Source citation: Work cat.: (OSt)1626000: Paolo Boccardelli, Maria Carmela Annosi, Federica Brunetta, Mats Magnusson, Learning and Innovation in Hybrid Organizations
